000 01196cam a2200337 4500
005 20260322212003.0
008 data
010 _a 73163362
020 _a0385022670
020 _a9780385022675
040 _aDLC
_cDLC
_dDLC
042 _alcac
043 _an-us-ga
050 0 0 _aF291.2
_b.F62
082 0 0 _a975.8/123
092 _a975.8 F62 1973
245 0 0 _aFoxfire 2: ghost stories, spring wild plant foods, spinning and weaving, midwifing, burial customs, corn shuckin's, wagon making and more affairs of plain living.
_cedited by Eliot Wigginton.
260 _aGarden City, N.Y.,
_bAnchor Press/Doubleday,
_c1973.
300 _a410 p.
_billus.
_c24 cm.
350 _a{dollar}4.50
520 _aInterviews and essays describe the way of life and crafts of pioneer America still surviving in the Appalachian region.
650 0 _aCountry life
_zGeorgia.
650 0 _aHandicraft
_zGeorgia.
650 1 _aCountry life
_zGeorgia.
650 1 _aHandicraft.
651 0 _aGeorgia
_xSocial life and customs.
700 1 _aWigginton, Eliot,
_eed.
730 _aFoxfire.
856 4 2 _3Publisher description
_uhttp://www.loc.gov/catdir/description/random0414/73163362.html
001 data
999 _c20
_d20